000 00505nam a2200145 i 4500
001 183734
003 ES-MaACL
005 20230906221948.0
008 141007s1875 xxk |||| | spa d
100 1 _aSilva Ferro, Ramón de.
_9132731
245 1 0 _aRelación histórica de... la construcción de un ferrocarril a través de la República de Honduras /
_cpor Ramón de Silva Ferro.
260 _aLondres :
_b[s.n.],
_c1875.
650 _aFerrocarriles-
_zHonduras.
_9136104
852 4 _aES-MaACL
_jT-179-F-3
999 _c183734
_d183734